Vấn đề giải ngũ quân nhân [ quân đội Việt Nam Cộng Hòa ]
Saved in:
| Main Author: | |
|---|---|
| Format: | Book |
| Language: | Undetermined |
| Published: |
Sài Gòn
Trường Cao Đẳng Quốc Phòng
1973
|
| Subjects: | |
| Tags: |
Add Tag
No Tags, Be the first to tag this record!
|
| Institutions: | Trung tâm Học liệu Trường Đại học Cần Thơ |
|---|
| LEADER | 00644nam a2200181Ia 4500 | ||
|---|---|---|---|
| 001 | CTU_26494 | ||
| 008 | 210402s9999 xx 000 0 und d | ||
| 082 | |a 355 | ||
| 082 | |b Gi104 | ||
| 100 | |a Nguyễn Văn Giám | ||
| 245 | 0 | |a Vấn đề giải ngũ quân nhân [ quân đội Việt Nam Cộng Hòa ] | |
| 245 | 0 | |c Nguyễn Văn Giám | |
| 260 | |a Sài Gòn | ||
| 260 | |b Trường Cao Đẳng Quốc Phòng | ||
| 260 | |c 1973 | ||
| 650 | |a army - demobilization - social aspects,social problems | ||
| 904 | |i Nguyễn Quang Điền, 981013 | ||
| 980 | |a Trung tâm Học liệu Trường Đại học Cần Thơ | ||